MARC details
| 000 -BAŞLIK |
| Sabit Uzunlukta Kontrol Alanı |
01421na a2200337 4500 |
| 001 - KONTROL NUMARASI |
| Denetim Alanı |
23006 |
| 003 - KONTROL NUMARASI IDENTIFIER |
| Denetim Alanı |
MIRAKIL |
| 005 - SON İŞLEM TARİHİ VE ZAMANI |
| Denetim Alanı |
20181213155122.0 |
| 008 - SABİT-BOY VERİ ELEMANLARI - GENEL BİLGİLER |
| Sabit Uzunlukta Kontrol Alanı |
170306b tu 000 0 |
| 040 ## - KATALOGLAMA KAYNAK |
| Orijinal Kataloglama Ajansı |
Milas |
| Kataloglama Dili |
tur |
| Metne Dönüştürmek Ajansı |
TR-AnCHP |
| 041 ## - DİL KODU |
| Metin / Ses Parça Veya Ayrı Başlığın Dil Kodu |
tur |
| 082 ## - DEWEY ONLU SINIFLANDIRMA NUMARASI |
| Sınıflandırma Numarası |
CHP 324.956223 |
| Ürün Numarası |
C36i 2009 |
| 090 ## - SINIFLAMA NUMARASI |
| Sınıflama Numarası |
CHP 324.9561 S31 2009 |
| 091 ## - MICROFILM RAF YER (AM) [OBSOLETE] |
| Mikrofilm Raf Yeri |
ARŞİV-Seçimler-İl ve ilçeler |
| 092 ## - LOKAL TAHSİS DEWEY TELEFON NUMARASINA (OCLC) |
| Sınıflandırma Numarası |
ARŞİV-SEÇİM DEĞERLENDİRMELERİ |
| 110 ## - ANA GİRİŞ - KURUMSAL ADI |
| Giriş Elemanı Olarak Kurumsal Ad Veya Yargı Alanı Adı |
Cumhuriyet Halk Partisi (CHP) |
| Alt Birim |
Bursa İl Başkanlığı |
| 245 ## - BAŞLIK TABLOSU |
| Başlık |
2009 yerel seçim komisyonu raporu |
| Sorumluluk Tablosu, Vb |
CHP Bursa İl Başkanlığı ; hazırlayan İstikbal Gündoğdu |
| 246 ## - UNVAN FORM VARYING |
| Başlık Doğru / Kısa Başlığı |
2010 referandumu değerlendirme raporu |
| 246 ## - UNVAN FORM VARYING |
| Başlık Doğru / Kısa Başlığı |
CHP Bursa ilçe başkanlığı 2009 yerel seçimleri değerlendirme raporu |
| 260 ## - YAYIN, DAĞITIM, VB |
| Yayın, Dağıtım, Vb Yeri |
Bursa |
| Yayıncı, Dağıtıcı, Vs Adı |
CHP Bursa İl Başkanlığı |
| Yayın, Dağıtım, Vb Tarihi |
2009 |
| 300 ## - FİZİKSEL TANIM |
| Kapsam |
yklş. 60 s. |
| Diğer Fiziksel Ayrıntıları |
tbl. |
| Boyutlar |
30 sm. |
| 610 ## - KONU KATMA GİRİŞ - TOPLANTI ADI |
| Giriş Elemanı Olarak Kurumsal Ad Veya Yargı Alanı Adı |
CHP |
| Genel Alt Bölüm |
İl ve ilçe teşkilatları |
| Kronolojik Alt Bölüm |
Komisyon raporları |
| Coğrafi Alt Bölüm |
Bursa |
| 610 ## - KONU KATMA GİRİŞ - TOPLANTI ADI |
| Giriş Elemanı Olarak Kurumsal Ad Veya Yargı Alanı Adı |
CHP |
| Alt Birim |
Bursa İl Başkanlığı |
| Genel Alt Bölüm |
Seçim sonuçları |
| Kronolojik Alt Bölüm |
Yerel seçimler, 2009 |
| -- |
Değerlendirmeler |
| 650 ## - KONU KATMA GİRİŞ - TOPİKAL DÖNEM |
| Topikal Süreli Veya Coğrafi Ad Giriş Elemanı |
Seçimler |
| Genel Alt Bölümü |
Değerlendirmeler |
| Coğrafi Alt Bölümü |
Türkiye |
| 651 ## - KONU KATMA GİRİŞ - COĞRAFİ ADI |
| Coğrafi İsim |
Türkiye |
| Genel Alt Bölümü |
Yerel seçimler, 2009 |
| Kronolojik Alt Bölümü |
Değerlendirmeler |
| 700 ## - KATMA GİRİŞ - KİŞİSEL İSİM |
| Kişisel Ad |
Gündoğdu, İstikbal |
| 740 ## - KATMA GİRİŞ - KONTROLSUZ İLGİLİ / ANALİTİK BAŞLIK |
| Kontrol Edilmeyen / İlgili Analitik Başlıktaki |
2009 Seçim sonuçlarının değerlendirilmesi |
| 740 ## - KATMA GİRİŞ - KONTROLSUZ İLGİLİ / ANALİTİK BAŞLIK |
| Kontrol Edilmeyen / İlgili Analitik Başlıktaki |
CHP Bursa ilçe başkanlığı 2009 yerel seçimleri değerlendirmesi |
| 942 ## - EKLENDİ GİRİŞ ELEMANLARI (KOHA) |
| Sınıflandırma Veya Raf Düzeni Kaynak |
Dewey Decimal Classification |
| Koha Öğesi Türü |
Books |
| 999 ## - SİSTEM KONTROL NUMARALARI (KOHA) |
| Koha Biblionumber |
6883 |
| Koha Biblioitemnumber |
6883 |